Family development. (Record no. 14628)

000 -LEADER
fixed length control field 00555nam a2200181 a 4500
001 - CONTROL NUMBER
control field :::00012460$&:&@@
003 - CONTROL NUMBER IDENTIFIER
control field OkBaRHE
005 - DATE AND TIME OF LATEST TRANSACTION
control field 20000607103419.0
008 - FIXED-LENGTH DATA ELEMENTS--GENERAL INFORMATION
fixed length control field s1957 j 000 0 eng u
040 ## - CATALOGING SOURCE
Transcribing agency
100 1# - MAIN ENTRY--PERSONAL NAME
Personal name Duvall, Evelyn Ruth (Millis) 1906-
245 10 - TITLE STATEMENT
Title Family development.
260 ## - PUBLICATION, DISTRIBUTION, ETC. (IMPRINT)
Place of publication, distribution, etc Philadelphia, PA., :
Name of publisher, distributor, etc Lippincott Company
Date of publication, distribution, etc 1957
300 ## - PHYSICAL DESCRIPTION
Extent x, 532 p. : illus. ;
Dimensions 24 cm.
650 ## - SUBJECT ADDED ENTRY--TOPICAL TERM
Topical term or geographic name as entry element Family
942 ## - ADDED ENTRY ELEMENTS (KOHA)
Source of classification or shelving scheme
Koha item type Books
Copies
Permanent Location Barcode Koha item type Price effective from Shelving location Full call number Lost status Copy number Not for loan Withdrawn status Source of classification or shelving scheme Date last seen Date acquired Damaged status
RHEMA Bible Training College12460Books2010-04-14General StacksHQ 734 .D9588 1   2010-04-142010-04-14